| 000 | 00416nam a2200133Ia 4500 | ||
|---|---|---|---|
| 008 | 191023s9999 xx 000 0 und d | ||
| 020 | _a9781305262614 | ||
| 100 | _aBotello, Chris. | ||
| 245 |
_cChris Botello.-- _aAdobe illustrator creative cloud revealed / |
||
| 260 |
_aUSA : _bCengage Learning _c2015 |
||
| 300 | _axxiii, 13-49 pages. | ||
| 650 | _aAdobo illustrator (computer file) | ||
| 650 | _aComputer graphics | ||
| 999 |
_c362314 _d362314 |
||